| 000 | 01217cam a2200301 a 4500 | ||
|---|---|---|---|
| 999 |
_c7776 _d7776 |
||
| 001 | 4945392 | ||
| 003 | OSt | ||
| 005 | 20220302153013.0 | ||
| 008 | 960906s1997 maua b 001 0 eng | ||
| 010 | _a 96035322 | ||
| 020 | _a053494728X | ||
| 040 |
_aDLC _cDLC _dDLC |
||
| 050 | 0 | 0 |
_aQA267 _b.S56 1997 |
| 082 | 0 | 0 | _a511.3 SIP 1997 |
| 100 | 1 |
_aSipser, Michael. _915845 |
|
| 245 | 1 | 0 |
_aIntroduction to the theory of computation / _cMichael Sipser. |
| 260 |
_aBoston : _bPWS Pub. Co., _cc1997. |
||
| 300 |
_axv, 396 p. : _bill. ; _c25 cm. |
||
| 504 | _aIncludes bibliographical references (p. 381-385) and index. | ||
| 650 | 0 |
_aMachine theory. _915846 |
|
| 650 | 0 |
_aComputational complexity. _911599 |
|
| 856 | 4 | 2 |
_3Contributor biographical information _uhttp://www.loc.gov/catdir/enhancements/fy1514/96035322-b.html |
| 856 | 4 | 2 |
_3Publisher description _uhttp://www.loc.gov/catdir/enhancements/fy1514/96035322-d.html |
| 856 | 4 | 1 |
_3Table of contents only _uhttp://www.loc.gov/catdir/enhancements/fy1514/96035322-t.html |
| 906 |
_a7 _bcbc _corignew _d1 _eocip _f19 _gy-gencatlg |
||
| 942 |
_2ddc _cO_SHELF |
||